000 00250nam a2200109Ia 4500
100 _aElectronics Department
942 _cBK
245 _aBasic Electrical and Electronics Engineering (2012-2013)
260 _b#N/A
546 _aENGLISH
999 _c20624
_d20624